000 00656cam a22002411 4500
001 sa 64005558
003 DLC
005 20260227112033.0
008 890612s1963 ii 000 0 urdr
010 _asa 64005558
035 _a(OCoLC)19856387
040 _aDLC
_cWaU
_dDLC
042 _apremarc
043 _aa-ii---
050 0 0 _aPK2197.D4
_bH3
100 1 _aHashmī, Nasiruddin,
_d1895-1964.
245 1 0 _aDakhnī (qadīm Urdū) ke cand taḥqīqī maz̤āmīn.
260 _c[1963]
300 _a201 p.
_c18 cm.
500 _aIn Urdu.
500 _aText partially vocalized.
650 0 _aUrdu poetry
_zIndia
_zDeccan
_xHistory and criticism.
999 _c59179
_d59179